000 00789nam a2200229Ia 4500
001 17035
003 GE_BSU
008 181216s||||||||xx |||||||||||||| ||und||
040 _cGE_BSU
080 _a355(47+57)
100 _aმედვედევი, დიმიტრი
245 _aსულით ძლიერნი
245 _bკუზნეცოვი და მისი თანამებრძოლები
245 _cთარგმნა რ. კიკნაძემ
260 _aთბილისი
260 _bნაკადული
260 _c1968
300 _a591გვ. ; 20სმ..
653 _aსსრკ შეიარაღებული ძალები
653 _aსულით ძლიერნი
942 _cBK
999 _c50097
_d50097